Estatísticas para Quiz do Suriname

Clique aqui para jogar o quiz

Estatísticas Gerais

  • Esse quiz foi jogado 324 vezes
  • A pontuação média é 10 de 15

Estatísticas das Respostas

DicaResposta% Correto
Países fazendo fronteira com o SurinameBrasil
95%
Países fazendo fronteira com o SurinameGuiana
95%
Países fazendo fronteira com o SurinameFrança
94%
Língua oficialNeerlandês
94%
Suriname e Butão são os únicos países do mundo que
absorvem mais disso do que emitem
Dióxido de
{carbono}
92%
Capital do SurinameParamaribo
91%
90% das terras do Suriname são cobertas por isso, a mais alta
de qualquer outro país
Floresta
69%
Moeda oficial do SurinameDólar
63%
Em 1667, a Inglaterra cedeu o Suriname aos Países Baixos.
O que a Inglaterra recebeu em troca? (Dica: hoje é uma cidade nos EUA)
Nova Iorque
63%
27% dos surinameses são descendentes de trabalhadores que
originalmente vieram deste país
Índia
56%
Rio onde o acima está localizadoRio {Suriname}
48%
Principal exportação do Suriname durante sua história colonialAçúcar
47%
Principal exportação do Suriname nos dias de hojeOuro
45%
Língua francaSranan
26%
Grande lago artificial no meio do paísBrokopondo
20%

Distribuição das Pontuações

Percentil de Números Respondidos

Porcentagem de Pessoas com Cada Pontuação

Sua Pontuação Histórica

Você não jogou esse quiz